000
00232nam a2200097Ia 4500
008
230907s9999||||xx |||||||||||||| ||und||
082
_a
696.1
_b
GAR
245
0
_a
Hot and cold water supply /
260
_a
BSI;
_b
UK:
_c
2008
942
_c
BK
999
_c
596405
_d
596405